| 000 | 00503nmm a2200157Ia 4500 | ||
|---|---|---|---|
| 008 | 251105s9999||||xx |||||||||||||||||und|| | ||
| 020 | _a9786071659712 | ||
| 041 | _aspa | ||
| 100 | _aRojas González, Raúl | ||
| 245 | 0 |
_aEl lenguaje de las matemáticas : _b Historias de sus símbolos |
|
| 264 |
_a[México D.C., Mexico] : _bFondo de Cultura Económica, _c2018 |
||
| 300 | _a260 páginas | ||
| 490 | _aLa Ciencia para Todos | ||
| 856 | _uhttps://public.digitaliapublishing.com/a/64335 | ||
| 942 | _cCF | ||
| 999 |
_c75618 _d75618 |
||